উচ্চ মাধ্যমিক রসায়ন দ্বিতীয় পত্র / (Record no. 8371)
[ view plain ]
| 000 -LEADER | |
|---|---|
| fixed length control field | 00698nam a2200217 a 4500 |
| 001 - CONTROL NUMBER | |
| JCCL Control Number | 8371 |
| 003 - CONTROL NUMBER IDENTIFIER | |
| JCCL marc code | BD-JhCC |
| 005 - DATE AND TIME OF LATEST TRANSACTION | |
| control field | 20180222123222.0 |
| 008 - FIXED-LENGTH DATA ELEMENTS--GENERAL INFORMATION | |
| fixed length control field | 180124s2000 bg a|||| ||a| 000 0 ben d |
| 035 ## - SYSTEM CONTROL NUMBER | |
| system control number | (BD-JhCC)8371 |
| 040 ## - CATALOGING SOURCE | |
| Original cataloging agency | BD-JhCC |
| Modifying agency | BD-JhCC |
| 041 ## - LANGUAGE CODE | |
| Language code of Book | ben |
| 082 ## - DEWEY DECIMAL CLASSIFICATION NUMBER | |
| Classification number | 540 |
| Author mark and Year | KUN 2000 |
| 100 ## - MAIN ENTRY--PERSONAL NAME | |
| Personal name | কুন্ডু, কালিপদ |
| 245 ## - TITLE STATEMENT | |
| Title | উচ্চ মাধ্যমিক রসায়ন দ্বিতীয় পত্র / |
| Statement of responsibility, etc | কালিপদ কুন্ডু |
| 260 ## - PUBLICATION, DISTRIBUTION, ETC. (IMPRINT) | |
| Place of publication, distribution, etc | ঢাকা : |
| Name of publisher, distributor, etc | মল্লিক ব্রাদার্স, |
| Date of publication, distribution, etc | 2000. |
| 300 ## - PHYSICAL DESCRIPTION | |
| Pagination | 455 p. : |
| Dimensions | 24 cm. |
| 650 ## - SUBJECT ADDED ENTRY--TOPICAL TERM | |
| Topical term or geographic name as entry element | Chemistry |
| 942 ## - ADDED ENTRY ELEMENTS (KOHA) | |
| Source of classification or shelving scheme | Dewey Decimal Classification |
| Koha item type | Books |
| Source of classification or shelving scheme | Damaged status | Not for loan | Home library | Current library | Shelving location | Date of accession | Cost, normal purchase price | Total Checkouts | Full call number | Barcode | Date last seen | Copy number | Koha item type |
|---|---|---|---|---|---|---|---|---|---|---|---|---|---|
| Dewey Decimal Classification | JCC Rouf Library | JCC Rouf Library | General Stacks | 02/22/2018 | 120.00 | 540 KUN 2000 | 10846 | 02/22/2018 | C-1 | Books |